00672nam a2200193Ia 4500003000900000008004100009020001900050040001600069080001700085100002800102245015400130260001700284300000900301650001900310650003100329942000700360999001700367952009400384IN-BaIIA211028s9999 xx 000 0 eng d a0-7112-00-46-7 cIIA Library a77(035)bFRE aFreeman, Michael917892 4aThe 35mm Handbookba complete course from basic techniques to professional applicationscFreeman, Michael  aLondonc1980 a320p aNASA Thesaurus aPhotography-Handbook92080 cBK c10521d10521 00104070aBANbKODcGENd1992-12-17l0o77(035)/ FREp11432r2021-11-05w1992-12-17yBK